The present relevance of the primitive in architecture = L'actualité du primitif dans l'architecture = Die Aktualität des Primitiven in der Architektur
Αποθηκεύτηκε σε:
| Κύριος συγγραφέας: | |
|---|---|
| Μορφή: | Βιβλίο |
| Γλώσσα: | English French German |
| Δημοσίευση: |
Lausanne :
Structura Mundi,
1992.
|
| Σειρά: | Architectural anthropology ;
1 |
| Θέματα: | |
| Ετικέτες: |
Προσθήκη ετικέτας
Δεν υπάρχουν, Καταχωρήστε ετικέτα πρώτοι!
|
MARC
| LEADER | 00000nam a2200000 a 4500 | ||
|---|---|---|---|
| 001 | 1/125703 | ||
| 008 | 221219e1992####sz | ||| |||| ||eng|| | ||
| 020 | |a 3905451018 | ||
| 040 | |a GR-MyUa |b gre |c GR-MyUa |e AACR2 | ||
| 041 | 1 | |a eng |h fre |h ger | |
| 082 | 7 | |a 728 |2 (23) | |
| 100 | 1 | |a Egenter, Nold. | |
| 245 | 1 | 4 | |a The present relevance of the primitive in architecture = |b L'actualité du primitif dans l'architecture = Die Aktualität des Primitiven in der Architektur / |c Nold Egenter. |
| 246 | 1 | |i Παράλληλος τίτλος: |a L'actualité du primitif dans l'architecture | |
| 246 | 1 | |i Παράλληλος τίτλος: |a Die Aktualität des Primitiven in der Architektur | |
| 260 | |a Lausanne : |b Structura Mundi, |c 1992. | ||
| 300 | |a 215 σ. ; |c 25 εκ. | ||
| 490 | 1 | |a (Architectural anthropology ; |v v. 1 = |a Anthropologie architecturale ; |v v. 1 = |a Architektur-Anthropologie ; |v Bd. 1) | |
| 504 | |a Βιβλιογραφία: σ. 201-215. | ||
| 650 | 0 | |a Architecture, Primitive. | |
| 650 | 0 | |a Vernacular architecture. | |
| 650 | 0 | |a Architecture and society | |
| 830 | 0 | |a Architectural anthropology ; |v 1 | |
| 852 | |a INST |b LESVOS |e 20221219 |h 728 EGE |p 005100064039 |q 005100064039 |t BK |v τ. .1: |y 0 | ||
| 853 | |a INST |b LESVOS |h 728 EGE | ||
| 970 | |a Καμάτσου |b Δέσποινα |z 19-12-2022 | ||